K otázke výskumu nových trendov a zmien v diplomacii

Dôvody zvýšeného záujmu o adaptáciu slovenskej diplomacie na nové trendy po začlenení Slovenskej republiky do EÚ a NATO a vytváraniu predpokladov pre reflexiu a sebareflexiu slovenskej zahraničnej služby. Analýza historicky podmienených deficitov slovenského výskumu medzinárodných vzťahov a diplomac...

Descripción completa

Guardado en:
Detalles Bibliográficos
Autor principal: Weiss, Peter
Formato: Capítulo de libro
Lenguaje:eslovaco
Materias:
Etiquetas: Agregar Etiqueta
Sin Etiquetas, Sea el primero en etiquetar este registro!

MARC

LEADER 00000naa$a2200000$$$4500
001 0084476
005 20240502071944.2
041 0 |a slo 
044 |a SK 
245 1 0 |a K otázke výskumu nových trendov a zmien v diplomacii  |c Peter Weiss 
520 |a Dôvody zvýšeného záujmu o adaptáciu slovenskej diplomacie na nové trendy po začlenení Slovenskej republiky do EÚ a NATO a vytváraniu predpokladov pre reflexiu a sebareflexiu slovenskej zahraničnej služby. Analýza historicky podmienených deficitov slovenského výskumu medzinárodných vzťahov a diplomacie. 
610 2 0 |a politika zahraničná 
610 2 0 |a vzťahy medzinárodné 
610 2 0 |a diplomacia 
610 2 0 |a analýza ekonomická 
610 2 0 |a Slovensko 
610 2 0 |a Európska únia 
100 1 |a Weiss, Peter